[Event "Druzynowe Mistrzostwa Polski Juniorow 2018 - II Liga"]
[Site "Szczyrk"]
[Date "1899-12-30"]
[Round "3.30"]
[White "Ziolo, Oliwia"]
[Black "Wiecek, Karolina"]
[Result "1-0"]
[WhiteTitle "I"]
[BlackTitle "II+"]
[WhiteElo "1130"]
[BlackElo "1235"]

1. e4 d5 2. exd5 Qxd5 3. Nc3 Qa5 4. g3 e5 5. Bg2 c6 6. d3 Bf5 7. Nf3 Nf6 8. O-O
Nbd7 9. Re1 O-O-O 10. Bd2 Qc7 11. a3 h5 12. b4 Bd6 13. b5 cxb5 14. Nxb5 Qb8 15.
Nxd6+ Qxd6 16. Rb1 Bg4 17. Qc1 Bxf3 18. Bxf3 b6 19. a4 Rdg8 20. a5 Kd8 21. axb6
axb6 22. Bb4 Qc7 23. Ra1 g5 24. Ra8+ Nb8 25. Qa3 Nd7 26. Bd6 Qc8 27. Qa7 e4 28.
Bxe4 Re8 29. Bxb8 Nxb8 30. Rxb8 Qxb8 31. Qxb8+ 1-0

[Event "Druzynowe Mistrzostwa Polski Juniorow 2018 - II Liga"]
[Site "Szczyrk"]
[Date "1899-12-30"]
[Round "3.31"]
[White "Nowak, Mikolaj"]
[Black "Hrymowicz, Artur"]
[Result "0-1"]
[WhiteTitle "I++"]
[BlackTitle "I++"]
[WhiteElo "2015"]
[BlackElo "2123"]

1. e4 c5 2. Nf3 d6 3. c3 Nf6 4. Bd3 g6 5. Bc2 Nc6 6. d4 cxd4 7. cxd4 Bg7 8. O-O
O-O 9. h3 Nb4 10. Nc3 Nxc2 11. Qxc2 Be6 12. d5 Bd7 13. Be3 Qa5 14. Rfc1 Rfc8 15.
Nd4 Rc4 16. Qe2 Rac8 17. Nc6 R4xc6 18. dxc6 Bxc6 19. Bd2 Re8 20. Qd3 Nxe4 21.
Nxe4 Bxe4 22. Qxe4 Qxd2 23. Rc2 d5 24. Qa4 b5 25. Rxd2 bxa4 26. Rxd5 a3 27. Rad1
axb2 28. Rd8 Kf8 29. Rxe8+ Kxe8 30. Rb1 Kd7 31. Kf1 Kc6 32. Ke2 Kb5 33. Rd1 Ka4
34. Rd7 a5 35. Rd1 Ka3 36. Kd2 Kxa2 37. Kc2 Bh6 0-1

[Event "Druzynowe Mistrzostwa Polski Juniorow 2018 - II Liga"]
[Site "Szczyrk"]
[Date "1899-12-30"]
[Round "3.32"]
[White "Jordan, Adam"]
[Black "Leskiewicz, Ignacy"]
[Result "0-1"]
[WhiteTitle "I"]
[BlackTitle "I+"]
[WhiteElo "1830"]
[BlackElo "1856"]

1. d4 Nf6 2. c4 g6 3. Nc3 Bg7 4. Nf3 O-O 5. e4 d6 6. Be2 e5 7. O-O Nc6 8. d5 Ne7
9. Ne1 Nd7 10. Be3 f5 11. f3 f4 12. Bf2 g5 13. Nd3 Rf6 14. c5 a6 15. Qb3 Rb8 16.
a4 Qe8 17. a5 Rh6 18. h3 Kh8 19. Rfc1 Nf6 20. Qb4 dxc5 21. Qxc5 c6 22. Qa7 Bd7
23. Nxe5 cxd5 24. Nf7+ Qxf7 25. Qxb8+ Nfg8 26. exd5 Nf5 27. Qxb7 Ng3 28. Bxa6
g4 29. fxg4 Nf6 30. Bb5 Qe8 31. Bxd7 Nxd7 32. Re1 Qd8 33. Bb6 Nxb6 34. axb6 Bd4+
35. Kh2 Rxb6 36. Ra8 Rxb7 37. Rxd8+ Kg7 38. d6 Rxb2 39. Nd5 Bf2 40. Rd7+ Kf8 41.
Ra1 Ra2 42. Rd8+ Kf7 43. d7 Rxa1 44. Rf8+ Kg7 45. Rg8+ Kh6 46. g5+ Kh5 47. Nxf4+
Kh4 48. Ng6+ hxg6 49. Rh8+ Nh5 50. g4 Bb6 51. gxh5 Ra2+ 52. Kh1 Kg3 0-1

[Event "Druzynowe Mistrzostwa Polski Juniorow 2018 - II Liga"]
[Site "Szczyrk"]
[Date "1899-12-30"]
[Round "3.33"]
[White "Klimkowski, Jan"]
[Black "Kozlowski, Michal"]
[Result "1/2-1/2"]
[WhiteTitle "I"]
[BlackTitle "I"]
[WhiteElo "1898"]
[BlackElo "1742"]

1. e4 c5 2. Nf3 Nc6 3. d4 cxd4 4. Nxd4 e5 5. Nb5 d6 6. N1c3 a6 7. Na3 Be7 8. Nd5
Nf6 9. Nxf6+ Bxf6 10. c3 O-O 11. Nc4 Be7 12. Be3 b5 13. Nb6 Rb8 14. Nxc8 Qxc8
15. Be2 Na5 16. O-O Nc4 17. Bxc4 bxc4 18. Qc2 Rb5 19. b4 cxb3 20. axb3 Qb7 21.
b4 Rc8 22. Qd3 h6 23. Rfc1 Qc6 24. Bd2 d5 25. exd5 Rxd5 26. Qe2 Qc4 27. Qxc4 Rxc4
28. Be3 Rd3 29. Rxa6 Rcxc3 30. Rb1 Rb3 31. Rba1 Bxb4 32. Ra8+ Kh7 33. R8a7 f5
34. g3 Ra3 35. R1xa3 Bxa3 36. Kg2 Bd6 37. Rd7 e4 38. h3 Kg6 39. Rb7 Kf6 40. h4
g5 41. Rb6 gxh4 42. gxh4 h5 43. Bg5+ Ke5 44. Rb5+ Ke6 45. Rb6 Ke5 46. Rb5+ Ke6
47. Rb6 Ke5 48. Rb5+ Rd5 1/2-1/2

[Event "Druzynowe Mistrzostwa Polski Juniorow 2018 - II Liga"]
[Site "Szczyrk"]
[Date "1899-12-30"]
[Round "3.34"]
[White "Strepikowski, Pawel"]
[Black "Radoch, Filip"]
[Result "1-0"]
[WhiteTitle "II"]
[BlackTitle "II"]
[WhiteElo "1487"]
[BlackElo "1128"]

1. e4 c5 2. Nf3 Nc6 3. d4 cxd4 4. Nxd4 g6 5. Nc3 Bg7 6. Be3 Nf6 7. f3 O-O 8. Qd2
d5 9. exd5 Nxd5 10. Nxd5 Qxd5 11. c4 Qd8 12. Rd1 Bd7 13. Be2 Rc8 14. O-O e5 15.
Nxc6 Bxc6 16. Bxa7 Qxd2 17. Rxd2 Ra8 18. Bc5 Rfe8 19. b3 f5 20. a4 e4 21. fxe4
fxe4 22. Bg4 Bh6 23. Re2 Rad8 24. Be3 Bg7 25. Bb6 Rd3 26. Re3 Rd2 27. Rd1 Rxd1+
28. Bxd1 Re6 29. Bc2 Bh6 30. Re2 e3 31. a5 Rd6 32. Kf1 Rf6+ 33. Ke1 Re6 34. b4
Bd7 35. b5 Kf7 36. Bb3 Ke7 37. h3 Bf4 38. Kd1 Re4 39. Kc2 h5 40. Kd3 Re5 41. Bxe3
Bf5+ 42. Kd2 Rxe3 43. Rxe3+ Bxe3+ 44. Kxe3 g5 45. Bd1 h4 46. a6 bxa6 47. bxa6
Bc8 48. a7 Bb7 49. Bf3 Bxf3 50. Kxf3 Kd6 51. Qa8 Kc5 52. Qd5+ Kb6 53. c5+ Ka7
54. Qb3 Ka6 55. Qb6# 1-0

[Event "Druzynowe Mistrzostwa Polski Juniorow 2018 - II Liga"]
[Site "Szczyrk"]
[Date "1899-12-30"]
[Round "3.35"]
[White "Waligora, Julia"]
[Black "Daliga, Anita"]
[Result "1/2-1/2"]
[WhiteTitle "I"]
[BlackTitle "I+"]
[WhiteElo "1424"]
[BlackElo "1605"]

1. e4 c6 2. d4 d5 3. exd5 cxd5 4. c4 dxc4 5. Nc3 Nf6 6. Bg5 g6 7. Bxf6 exf6 8.
Nf3 Nc6 9. h3 Bg7 10. Bxc4 O-O 11. O-O a6 12. Qd2 b5 13. Bb3 Bb7 14. Rad1 Na5
15. Ne1 Nxb3 16. axb3 f5 17. Nc2 Qb6 18. Qf4 Rac8 19. Rd2 Rfd8 20. Rfd1 Rd7 21.
Ne3 Qd6 22. Qxd6 Rxd6 23. Ne2 Bh6 24. f4 Re8 25. Kf2 Bf8 26. Rc1 Rde6 27. Nc2
Bd5 28. b4 Bb3 29. Nc3 Bxc2 30. Rdxc2 Bxb4 31. g3 Rd8 32. Rd1 Red6 33. Rcd2 Rc8
34. Rd3 Rcd8 35. Ke3 Re8+ 36. Kf2 Ba5 37. d5 Bb6+ 38. Kf3 Rc8 39. Ra1 Bd8 40.
Rad1 Bf6 41. R1d2 Bd8 1/2-1/2

[Event "Druzynowe Mistrzostwa Polski Juniorow 2018 - II Liga"]
[Site "Szczyrk"]
[Date "1899-12-30"]
[Round "3.36"]
[White "Filipiak, Magdalena"]
[Black "Malek, Sophie"]
[Result "1-0"]
[WhiteTitle "I"]
[BlackTitle "III"]
[WhiteElo "1231"]
[BlackElo "1000"]

1. e4 e5 2. Nf3 Nc6 3. Bc4 Bc5 4. c3 Nf6 5. d4 exd4 6. cxd4 Bb4+ 7. Nc3 Nxe4 8.
O-O Na5 9. Bxf7+ Kxf7 10. Nxe4 Rf8 11. Nfg5+ Kg8 12. Qh5 h6 13. a3 hxg5 14. axb4
Nb3 15. Nxg5 Rf6 16. Qh7+ Kf8 17. Qh8+ Ke7 18. Re1+ Kd6 19. Qxd8 Rf5 20. Re5 Rxe5
21. Bf4 Nxa1 22. Bxe5+ Kd5 23. Qxc7 b6 24. Qc3 Rb8 25. b3 d6 26. Qc4# 1-0

[Event "Druzynowe Mistrzostwa Polski Juniorow 2018 - II Liga"]
[Site "Szczyrk"]
[Date "1899-12-30"]
[Round "3.37"]
[White "Krawczyk, Flawian"]
[Black "Twardowski, Hubert"]
[Result "0-1"]
[WhiteTitle "II"]
[BlackTitle "I"]
[WhiteElo "1425"]
[BlackElo "1728"]

1. e4 d6 2. d4 Nf6 3. Nc3 g6 4. Nf3 Bg7 5. Be2 O-O 6. O-O Nbd7 7. Be3 Ng4 8. Bg5
h6 9. Bh4 c5 10. h3 cxd4 11. Bxe7 Qxe7 12. Nd5 Qxe4 13. Nc7 Rb8 14. hxg4 a6 15.
Qd3 Qc6 16. Qc4 Qxc4 17. Bxc4 Nb6 18. Bb3 Bxg4 19. Nh2 Bd7 20. Nd5 Nxd5 21. Bxd5
Bc6 22. Bc4 Rfe8 23. Rfd1 Be4 24. Rd2 Rbc8 25. Bb3 Rc7 26. Nf3 Bxf3 27. gxf3 Rc5
28. Rad1 Rg5+ 29. Kf1 h5 30. Re2 Rg1+ 31. Kxg1 Rxe2 32. Kg2 Kf8 33. c3 dxc3 34.
bxc3 Be5 35. c4 b6 36. Rd5 Ke7 37. Kf1 Rb2 38. Rd3 g5 39. Kg2 Kf6 40. Rd1 Kg6
41. Rd5 f5 42. Rd3 h4 43. Rd1 Kh5 44. Rf1 Rd2 45. Bd1 Bf4 46. a4 Rd4 47. Re1 Rxc4
48. Re6 Rc7 49. Rf6 d5 50. Rxf5 Rd7 51. Rf6 Rd6 52. Rf7 d4 53. Ra7 a5 54. Rb7
d3 55. Ra7 Kg6 56. Ra8 Kf6 57. Rc8 Ke5 58. Rc4 Rd4 59. Rc8 d2 60. Kh3 Rb4 61.
Rd8 Rb1 62. Bc2 Rc1 63. Bb3 Rc3 64. Bd1 Ke6 65. Kg2 Bd6 66. Re8+ Kd5 67. Kf1 h3
68. Rh8 h2 69. Ke2 Bf4 70. Rh7 Kc5 71. Rh8 Kb4 72. Rh7 Rc6 73. Rh3 Rc4 0-1

[Event "Druzynowe Mistrzostwa Polski Juniorow 2018 - II Liga"]
[Site "Szczyrk"]
[Date "1899-12-30"]
[Round "3.38"]
[White "Sulima, Franciszek"]
[Black "Kupiecki, Szymon"]
[Result "0-1"]
[WhiteTitle "II"]
[BlackTitle "I"]
[WhiteElo "1281"]
[BlackElo "1644"]

1. e4 e5 2. Nf3 Nc6 3. d4 exd4 4. Bc4 Nf6 5. e5 d5 6. Bb5 Ne4 7. Nxd4 Bd7 8. Bxc6
bxc6 9. O-O Bc5 10. Be3 Qe7 11. f3 Nd6 12. Bf2 Nf5 13. Nxf5 Bxf5 14. Nd2 O-O 15.
f4 Rab8 16. Nb3 Bb6 17. Qd2 Be4 18. Qc3 Qh4 19. Bxb6 Rxb6 20. Nc5 Bf5 21. b4 Qe7
22. Qd2 d4 23. Qxd4 Bxc2 24. f5 Rfb8 25. Qc3 Rxb4 26. Qxc2 Qxe5 27. Na6 Rb2 28.
Qxc6 Qd4+ 29. Kh1 R2b6 30. Qxc7 Rd8 31. Nc5 Qd5 32. Nb3 Rb7 33. Qg3 f6 34. Qf3
Qb5 35. Rad1 Rbd7 36. Rfe1 a5 37. Rxd7 Qxd7 38. Nc5 Qd2 39. Qe3 Qxe3 40. Rxe3
Rd1+ 0-1

[Event "Druzynowe Mistrzostwa Polski Juniorow 2018 - II Liga"]
[Site "Szczyrk"]
[Date "1899-12-30"]
[Round "3.39"]
[White "Niedbala, Bartlomiej"]
[Black "Trzebinski, Patryk"]
[Result "1-0"]
[WhiteTitle "I++"]
[BlackTitle "I"]
[WhiteElo "2001"]
[BlackElo "1779"]

1. d4 Nf6 2. Bf4 d5 3. e3 Bf5 4. c4 e6 5. Nc3 c5 6. Qb3 Nc6 7. cxd5 Nb4 8. e4 Bg6
9. Bb5+ Nd7 10. dxe6 fxe6 11. Qxe6+ Be7 12. O-O-O Bf7 13. Qxd7+ Qxd7 14. Bxd7+
Kxd7 15. a3 Bb3 16. axb4 Bxd1 17. Nxd1 cxd4 18. Nf3 Rac8+ 19. Kb1 Bxb4 20. Nxd4
Rc4 21. Be3 Rhc8 22. f3 a5 23. Nf2 a4 24. Rd1 Ke7 25. Nf5+ Kf8 26. Rd7 a3 27.
bxa3 Be1 28. Nd3 Rc3 29. Nxe1 Rb3+ 30. Ka2 Rcc3 31. Bc5+ Ke8 32. Rxg7 Rb5 33.
Nd6+ 1-0

[Event "Druzynowe Mistrzostwa Polski Juniorow 2018 - II Liga"]
[Site "Szczyrk"]
[Date "1899-12-30"]
[Round "3.40"]
[White "Dembicki, Karol"]
[Black "Lichorad, Mateusz"]
[Result "1/2-1/2"]
[WhiteTitle "II"]
[BlackTitle "I"]
[WhiteElo "1457"]
[BlackElo "1770"]

1. e4 c5 2. Nf3 e6 3. d4 cxd4 4. Nxd4 Nc6 5. Nb5 d6 6. Bf4 e5 7. Be3 Nf6 8. Bg5
a6 9. Bxf6 gxf6 10. N5c3 Be6 11. Na3 b5 12. Nd5 Bg7 13. c3 O-O 14. Nc2 f5 15.
exf5 Bxf5 16. Nce3 Be6 17. Bd3 f5 18. Bc2 Ne7 19. Nxe7+ Qxe7 20. Nxf5 Qf6 21.
g4 d5 22. Qe2 e4 23. Nxg7 Qxg7 24. Rg1 Qh6 25. Rh1 Rf3 26. g5 Qh4 27. g6 hxg6
28. Rg1 Kh7 29. Rxg6 Qxf2+ 30. Qxf2 Rxf2 31. Bxe4 dxe4 32. Rxe6 Rxb2 33. h4 Rh2
34. O-O-O Rxh4 35. Rd7+ Kg8 36. Rde7 Rc8 37. Kb2 Rh3 38. Rxe4 Rhxc3 39. Re8+ Rxe8
40. Rxe8+ Kf7 41. Kxc3 Kxe8 42. Kb4 Kd7 43. a4 Kc6 44. axb5+ axb5 45. Kb3 Kc5
46. Kc3 b4+ 47. Kb3 Kb5 48. Kb2 Kb6 49. Kb3 Ka5 50. Kb2 Ka4 51. Ka2 b3+ 52. Kb2
Kb4 53. Kb1 Ka3 54. Ka1 b2+ 55. Kb1 Kb3 1/2-1/2

[Event "Druzynowe Mistrzostwa Polski Juniorow 2018 - II Liga"]
[Site "Szczyrk"]
[Date "1899-12-30"]
[Round "3.41"]
[White "Kulpa, Zuzanna"]
[Black "Filipska, Maja"]
[Result "1-0"]
[WhiteTitle "I++"]
[BlackTitle "I++"]
[WhiteElo "1818"]
[BlackElo "1569"]

1. d4 Nf6 2. c4 e5 3. dxe5 Ng4 4. Bf4 Nc6 5. Nf3 Bb4+ 6. Nc3 Qe7 7. Qd5 Bxc3+ 8.
bxc3 Qa3 9. Qd2 Qc5 10. e3 Ngxe5 11. Nxe5 Nxe5 12. Qd4 Qxd4 13. cxd4 Nc6 14. Bxc7
O-O 15. Kd2 b6 16. c5 bxc5 17. dxc5 Nb4 18. Bd6 Re8 19. a3 Nd5 20. Rb1 Nf6 21.
f3 a6 22. Bc4 Ra7 23. Rb6 Bb7 24. Rhb1 Bc6 25. Rxa6 Rxa6 26. Bxa6 Ra8 27. Rb8+
Rxb8 28. Bxb8 Kf8 29. e4 Ke7 30. Kc3 Nh5 31. Kb4 g6 32. Bb5 Ba8 33. Bc4 Nf6 34.
Bd6+ Ke8 35. a4 h5 36. a5 g5 37. Be5 Ng8 38. a6 Ne7 39. Bf6 Nc6+ 40. Kb5 g4 41.
Kb6 gxf3 42. gxf3 Kf8 43. Bd5 1-0

[Event "Druzynowe Mistrzostwa Polski Juniorow 2018 - II Liga"]
[Site "Szczyrk"]
[Date "1899-12-30"]
[Round "3.42"]
[White "Skolska, Emilia"]
[Black "Kulpa, Karolina"]
[Result "1-0"]
[WhiteTitle "I"]
[BlackTitle "I"]
[WhiteElo "1157"]
[BlackElo "1323"]

1. e4 e5 2. Nf3 Nc6 3. d4 exd4 4. Bc4 Nf6 5. O-O Nxe4 6. Re1 d5 7. Bxd5 Qxd5 8.
Nc3 Qa5 9. Nxe4 Be6 10. Neg5 O-O-O 11. Nxe6 fxe6 12. Rxe6 Be7 13. Qe2 Bf6 14.
Bd2 Qd5 15. Qe4 Qxe4 16. Rxe4 Rhe8 17. Rae1 Rxe4 18. Rxe4 h6 19. Kf1 Kd7 20. Ke2
Kd6 21. Kd3 Kd5 22. a3 Ne5+ 23. Nxe5 Bxe5 24. Bf4 Re8 25. Bxe5 Rxe5 26. Rxd4+
Kc6 27. Re4 Rd5+ 28. Ke3 Rg5 29. g3 Kd6 30. h4 Rf5 31. g4 Rf8 32. Rf4 Re8+ 33.
Kf3 Re7 34. Re4 Rf7+ 35. Kg3 Kd5 36. Re2 g5 37. hxg5 hxg5 38. Re3 Rf4 39. Rf3
Rxf3+ 40. Kxf3 Kd4 41. Ke2 Ke4 42. f3+ Kf4 43. b4 a6 44. c4 c6 45. c5 Kg3 46.
Ke3 Kh3 47. Kf2 Kh4 48. Ke3 Kg3 49. Ke4 Kh4 50. Kf5 Kg3 51. Kxg5 Kxf3 52. Kf5
1-0

[Event "Druzynowe Mistrzostwa Polski Juniorow 2018 - II Liga"]
[Site "Szczyrk"]
[Date "1899-12-30"]
[Round "3.44"]
[White "Radecki, Adam"]
[Black "Tustanowski, Mateusz"]
[Result "1-0"]
[WhiteTitle "I"]
[BlackTitle "I++"]
[WhiteElo "1702"]
[BlackElo "2078"]

1. f4 e5 2. e4 d5 3. exd5 e4 4. Nc3 Nf6 5. d3 Bb4 6. dxe4 Nxe4 7. Qd4 Bxc3+ 8.
bxc3 O-O 9. Nf3 Re8 10. Be3 Qe7 11. Bb5 c6 12. Bc4 c5 13. Qe5 Qd8 14. O-O Rxe5
15. fxe5 Na6 16. e6 fxe6 17. dxe6 Qe7 18. Bg5 Nxg5 19. Nxg5 Nc7 20. Rae1 b5 21.
Rf7 Qxg5 22. e7 Be6 23. Rxe6 Nxe6 24. Rf8+ Rxf8 25. Bxe6+ 1-0

[Event "Druzynowe Mistrzostwa Polski Juniorow 2018 - II Liga"]
[Site "Szczyrk"]
[Date "1899-12-30"]
[Round "3.45"]
[White "Pisarek, Elzbieta"]
[Black "Piechota, Kamil"]
[Result "1-0"]
[WhiteTitle "I"]
[BlackTitle "II"]
[WhiteElo "1498"]
[BlackElo "1521"]

1. e4 e5 2. Nf3 Nc6 3. Nc3 Nf6 4. Bb5 Bd6 5. Bxc6 dxc6 6. d4 Qe7 7. dxe5 Bxe5 8.
Nxe5 Qxe5 9. Qe2 Bd7 10. f4 Qh5 11. Qxh5 Nxh5 12. f5 h6 13. Be3 O-O-O 14. O-O-O
Rhe8 15. Bd4 Nf6 16. Rhe1 b6 17. e5 Nd5 18. g4 Nxc3 19. Bxc3 c5 20. Re3 Bc6 21.
Rxd8+ Kxd8 22. e6 f6 23. h4 Re7 24. g5 fxg5 25. hxg5 hxg5 26. Rg3 g4 27. Rxg4
Bf3 28. Rg5 Be4 29. Bxg7 Re8 30. f6 Rxe6 31. f7 Re8 1-0

[Event "Druzynowe Mistrzostwa Polski Juniorow 2018 - II Liga"]
[Site "Szczyrk"]
[Date "1899-12-30"]
[Round "3.46"]
[White "Kubik, Rafal"]
[Black "Pisarek, Jan"]
[Result "1/2-1/2"]
[WhiteTitle "III"]
[BlackTitle "II"]
[WhiteElo "1199"]
[BlackElo "1339"]

1. d4 Nf6 2. c4 e6 3. Nc3 Bb4 4. Bd2 O-O 5. Nf3 b6 6. e3 Bb7 7. Bd3 d6 8. a3 Bxc3
9. Bxc3 Nbd7 10. O-O Ne4 11. Rc1 f5 12. Nd2 Qg5 13. Nxe4 fxe4 14. Be2 Rf6 15.
Bh5 Rh6 16. Be2 Rg6 17. g3 Rf8 18. Qa4 Qd8 19. Qxa7 Qc8 20. Qa4 Nb8 21. Qd1 Qd8
22. f3 Qh4 23. f4 Rxg3+ 24. hxg3 Qxg3+ 25. Kh1 Qh3+ 26. Kg1 Rf6 27. Bh5 Qg3+ 28.
Kh1 Qh3+ 29. Kg1 Rh6 30. Kf2 Qh2+ 31. Ke1 Rxh5 32. Rc2 Qg3+ 33. Kd2 Rh2+ 34. Kc1
Qxe3+ 35. Kb1 Rxc2 36. Kxc2 Ba6 37. b3 b5 38. Qd2 Qxd2+ 39. Bxd2 bxc4 40. bxc4
Bxc4 41. Re1 Bd3+ 42. Kb3 Nc6 43. Be3 Na5+ 44. Kb4 Nc4 45. a4 Nxe3 46. Rxe3 Kf7
47. a5 Ke7 48. Rg3 Kd8 49. Rg1 e3 50. Kc3 Ba6 51. Rxg7 e2 52. Kd2 Kc8 53. Rxh7
Kb7 54. Rh6 Bc4 55. Rh5 Ka6 56. f5 exf5 57. Rxf5 d5 58. Rf7 c6 59. Rf6 Bb5 60.
Ke1 Kxa5 61. Rf4 Kb4 62. Rh4 Kc3 63. Rf4 Kd3 64. Rh4 Ke3 65. Rg4 Bd3 66. Rh4 Be4
67. Rh6 Kxd4 68. Rxc6 Ke3 69. Rc4 Kd3 70. Ra4 Bf3 71. Ra3+ Ke4 72. Ra4+ d4 73.
Ra3 Bh5 74. Ra2 d3 75. Rd2 Kd4 76. Rb2 Kc3 77. Rd2 Kd4 78. Rb2 Ke4 79. Rd2 Bg4
80. Rb2 Kf3 81. Rd2 Bf5 82. Rb2 Be6 83. Rd2 Bc4 84. Rb2 Ke4 85. Rb1 Ke3 86. Rb2
Kd4 87. Rb1 Ba6 88. Rc1 Bb5 89. Rb1 Kc4 90. Rc1+ Kb3 91. Kd2 Ba6 92. Rc3+ Kb4
93. Rc1 Bc4 94. Re1 Kc5 95. Rc1 Kd4 96. Ra1 Bb3 97. Re1 Bc2 98. Rxe2 dxe2 99.
Kxe2 1/2-1/2

[Event "Druzynowe Mistrzostwa Polski Juniorow 2018 - II Liga"]
[Site "Szczyrk"]
[Date "1899-12-30"]
[Round "3.47"]
[White "Wojcik, Jagoda"]
[Black "Obrochta, Lena"]
[Result "0-1"]
[WhiteTitle "I++"]
[BlackTitle "I"]
[WhiteElo "1599"]
[BlackElo "1422"]

1. e4 e5 2. Nf3 Nc6 3. d4 exd4 4. Nxd4 Bc5 5. Nb3 Bb6 6. Nc3 Qf6 7. Qe2 Nge7 8.
Be3 Bxe3 9. Qxe3 a6 10. O-O-O O-O 11. f4 d6 12. h4 b5 13. h5 Be6 14. g4 Bxg4 15.
Rd2 Be6 16. Rg2 h6 17. Rhg1 Kh7 18. Bd3 Kh8 19. Re2 Bxb3 20. axb3 Nb4 21. e5 Nxd3+
22. cxd3 dxe5 23. fxe5 Qe6 24. Reg2 Rg8 25. Qe4 Rad8 26. Rf2 c6 27. Kc2 Nd5 28.
Ne2 c5 29. Kb1 Nb4 30. Rg3 Qxb3 31. Nc3 Rd4 32. Qf5 Nc6 33. Rfg2 Rdd8 34. Qf4
Qe6 35. Ne4 Qxe5 36. Qxf7 c4 37. Nf6 Qxf6 38. Qxf6 gxf6 39. dxc4 bxc4 0-1

[Event "Druzynowe Mistrzostwa Polski Juniorow 2018 - II Liga"]
[Site "Szczyrk"]
[Date "1899-12-30"]
[Round "3.48"]
[White "Czerwinska, Oliwia"]
[Black "Bialek, Alicja"]
[Result "0-1"]
[WhiteTitle "I"]
[BlackTitle "I"]
[WhiteElo "1245"]
[BlackElo "1308"]

1. e4 c5 2. c3 d5 3. exd5 Qxd5 4. d4 g6 5. Nf3 Bg7 6. Be3 cxd4 7. Bxd4 e5 8. Bxe5
Qxd1+ 9. Kxd1 Bxe5 10. Nxe5 Nf6 11. Bb5+ Nbd7 12. Nxd7 Bxd7 13. Re1+ Kf8 14. Bxd7
Nxd7 15. Kc2 Rd8 16. Na3 Kg7 17. Nb5 a6 18. Nd4 Rhe8 19. h3 Nf6 20. Kd3 Nd5 21.
g3 f5 22. f4 Nf6 23. Kc2 Kf7 24. a4 Ne4 25. g4 fxg4 26. hxg4 Nf6 27. g5 Nd5 28.
Rh1 Kg7 29. f5 Ne3+ 30. Kb3 Nxf5 31. Nxf5+ gxf5 32. Rh2 Re7 33. Rh6 Rf8 34. Rd1
f4 35. Rdh1 Kg8 36. g6 f3 37. gxh7+ Kh8 38. Rf1 Rxh7 39. Rxh7+ Kxh7 40. Kc4 Kg6
41. Kc5 Kg5 42. Kb6 Rf7 43. Rxf3 Rxf3 44. Kxb7 Rf6 45. c4 Kf5 46. c5 Ke5 47. c6
Kd6 48. c7 Rf7 49. Kxa6 Kxc7 50. b4 Rf4 51. Ka5 Kb8 52. Kb5 Kb7 53. Ka5 Rf5+ 54.
b5 Rf4 55. b6 Rf6 56. Kb5 Rxb6+ 57. Ka5 Ra6+ 58. Kb5 Ka7 59. Kb4 Kb6 60. Ka3 Ka5
61. Kb3 Rb6+ 62. Ka3 Rb4 63. Ka2 Kxa4 64. Ka1 Kb3 65. Kb1 Rh4 66. Kc1 Rh2 0-1

[Event "Druzynowe Mistrzostwa Polski Juniorow 2018 - II Liga"]
[Site "Szczyrk"]
[Date "1899-12-30"]
[Round "3.49"]
[White "Kucharski, Bartlomiej"]
[Black "Miasik, Adrian"]
[Result "1-0"]
[WhiteTitle "I"]
[BlackTitle "I++"]
[WhiteElo "1861"]
[BlackElo "1918"]

1. f4 d5 2. Nf3 Nf6 3. g3 g6 4. Bg2 Bg7 5. O-O c5 6. d3 O-O 7. Qe1 Qb6 8. c3 Nc6
9. Nbd2 Rd8 10. e4 d4 11. Nc4 Qc7 12. Nce5 dxc3 13. bxc3 Nxe5 14. fxe5 Ng4 15.
d4 h5 16. Bf4 Bh6 17. Qd2 Kg7 18. d5 Bxf4 19. Qxf4 Rf8 20. d6 exd6 21. exd6 Qb6
22. h3 c4+ 23. Nd4 Nh6 24. Qf6+ Kh7 25. Rab1 Qd8 26. Qe5 Re8 27. Qd5 a6 28. e5
Qg5 29. Rxf7+ Kh8 30. d7 Bxd7 31. Rxd7 Rxe5 32. Qxb7 Rae8 33. Rh7+ 1-0

[Event "Druzynowe Mistrzostwa Polski Juniorow 2018 - II Liga"]
[Site "Szczyrk"]
[Date "1899-12-30"]
[Round "3.50"]
[White "Ciasnocha, Michal"]
[Black "Wolak, Kamil"]
[Result "0-1"]
[WhiteTitle "I"]
[BlackTitle "II+"]
[WhiteElo "1723"]
[BlackElo "1579"]

1. d4 d5 2. c4 e6 3. Nc3 c6 4. Nf3 dxc4 5. e3 b5 6. a4 Bb4 7. Bd2 a5 8. axb5 Bxc3
9. Bxc3 cxb5 10. b3 Bb7 11. bxc4 b4 12. Bd2 Nf6 13. Bd3 O-O 14. O-O Ne4 15. Qc2
f5 16. Bc1 Nd7 17. Nd2 Qc7 18. f3 Nef6 19. e4 fxe4 20. fxe4 e5 21. Nf3 exd4 22.
Ng5 Qc6 23. e5 Nxe5 24. Bxh7+ Kh8 25. Bf4 d3 26. Qf2 Neg4 27. Qg3 Qxg2+ 28. Qxg2
Bxg2 29. Kxg2 Nxh7 30. Ne6 Rf6 31. Nc7 Raf8 32. Nd5 Rc6 33. Ne7 Re6 34. Nd5 g5
35. Bc1 Rxf1 36. Bb2+ Kg8 37. Rxf1 Ne3+ 0-1

[Event "Druzynowe Mistrzostwa Polski Juniorow 2018 - II Liga"]
[Site "Szczyrk"]
[Date "1899-12-30"]
[Round "3.51"]
[White "Mirowska, Oliwia"]
[Black "Babiarz, Arkadiusz"]
[Result "1/2-1/2"]
[WhiteTitle "I++"]
[BlackTitle "I++"]
[WhiteElo "1429"]
[BlackElo "1810"]

1. e4 c5 2. Nf3 e6 3. d4 cxd4 4. Nxd4 a6 5. Nc3 Qc7 6. f4 Bb4 7. Qf3 Nf6 8. Bd2
Nc6 9. Nb3 d5 10. exd5 Nxd5 11. Nxd5 Bxd2+ 12. Kxd2 exd5 13. Re1+ Ne7 14. Bd3
O-O 15. g4 f5 16. g5 Ng6 17. Rhf1 Bd7 18. Qxd5+ Kh8 19. Qd4 Rfd8 20. Qe3 Rac8
21. c3 Bb5 22. Nc1 Re8 23. Qf2 Red8 24. Qe3 Rd5 25. Kc2 Rcd8 26. Bxb5 axb5 27.
Nb3 b4 28. Kb1 bxc3 29. bxc3 h6 30. gxh6 Rd3 31. hxg7+ Kxg7 32. Qe6 Rxc3 33. Qxf5
Qb6 34. Re2 Rdd3 35. Rb2 Qd6 36. Nc1 Rd2 37. Rxb7+ Rc7 38. Rb3 Rxh2 39. Rg1 1/2-1/2

[Event "Druzynowe Mistrzostwa Polski Juniorow 2018 - II Liga"]
[Site "Szczyrk"]
[Date "1899-12-30"]
[Round "3.52"]
[White "Biesiadecki, Adam"]
[Black "Bartuzi, Krzysztof"]
[Result "1-0"]
[WhiteTitle "II"]
[BlackTitle "II"]
[WhiteElo "1415"]
[BlackElo "1200"]

1. d4 f5 2. c4 g6 3. Nf3 Bg7 4. Bf4 d6 5. Nc3 Nf6 6. e3 O-O 7. Be2 Nfd7 8. h3 e5
9. dxe5 dxe5 10. Bg5 Bf6 11. Bxf6 Qxf6 12. Qc2 e4 13. Nd5 Qd8 14. Nd4 Nb6 15.
O-O-O c6 16. Nxb6 Qxb6 17. c5 Qc7 18. g4 b5 19. gxf5 Bxf5 20. Nxf5 Rxf5 21. h4
Nd7 22. Qxe4 Rxc5+ 23. Kb1 Nf6 24. Qe6+ Qf7 25. Qd6 Qf8 26. Qd4 Re8 27. Bf3 Re7
28. Qxc5 Nd7 29. Rxd7 Rxd7 30. Qxf8+ Kxf8 31. Bxc6 Rd2 32. Rf1 a6 33. Kc1 Rd8
34. Rd1 Rc8 35. Rd6 Ke7 36. Rd7+ Ke6 37. Rxh7 Rxc6+ 38. Kd2 Kf5 39. h5 gxh5 40.
Rxh5+ Ke4 41. Rh3 Rd6+ 42. Ke2 Rc6 43. f3+ Kf5 44. Rh5+ Kg6 45. Rd5 Kf6 46. Kd3
Ke6 47. e4 Rc1 48. Rh5 Rf1 49. Ke3 Re1+ 50. Kf4 Re2 51. Rh6+ Kf7 52. Rxa6 Rxb2
53. Kf5 Rc2 54. e5 Rc3 55. f4 Rh3 56. Ra7+ Ke8 57. e6 Rh6 58. Ke5 b4 59. Kd6 Kf8
60. f5 b3 61. axb3 Rf6 62. Ra8+ Kg7 63. Ke5 Rh6 64. e7 Rh1 65. Qe8 Re1+ 66. Kd6
Kh7 67. Qg6# 1-0

[Event "Druzynowe Mistrzostwa Polski Juniorow 2018 - II Liga"]
[Site "Szczyrk"]
[Date "1899-12-30"]
[Round "3.53"]
[White "Wolak, Julia"]
[Black "Polak, Sylwia"]
[Result "1-0"]
[WhiteTitle "I"]
[BlackTitle "I"]
[WhiteElo "1265"]
[BlackElo "1519"]

1. e4 c5 2. Nf3 e6 3. d4 cxd4 4. Nxd4 a6 5. Nc3 Qc7 6. f4 d6 7. Bd3 Nd7 8. Be3
Ngf6 9. Qf3 Rb8 10. O-O-O b5 11. g4 Nc5 12. g5 Nfd7 13. Kb1 Bb7 14. Rhe1 g6 15.
Bg1 Bg7 16. Qe3 b4 17. Nce2 e5 18. Nf3 O-O 19. Ng3 exf4 20. Qxf4 Ne6 21. Qe3 Ndc5
22. Ne2 Ba8 23. Nf4 Qa5 24. Nd5 Bxd5 25. exd5 Nc7 26. Bc4 Nb5 27. Bxb5 Qxb5 28.
Nd4 Qa4 29. Nb3 Nxb3 30. Qxb3 Qd7 31. Bd4 a5 32. Bxg7 Kxg7 33. Qc4 Rfc8 34. Qd4+
Kg8 35. Rd2 Re8 36. Rde2 Rxe2 37. Rxe2 Re8 38. Rxe8+ Qxe8 39. a3 Qb5 40. Ka2 bxa3
41. Kxa3 Qe2 42. Qd3 Qxh2 43. Qc3 Qe5 44. Qxe5 dxe5 45. Kb3 Kf8 46. c4 Ke7 47.
c5 f5 48. gxf6+ Kxf6 49. Kc4 h5 50. c6 Ke7 51. Kc5 h4 52. d6+ Kd8 53. Kb6 h3 54.
Kb7 h2 55. c7+ 1-0